000 00780nam a2200205Ia 4500
008 151119s9999||||xx |||||||||||||| ||und||
082 _a920.72अन्नपू/इंद्रानू
082 _bGKKV34083
100 _aअन्नपूर्णा
245 _aइंद्रा नूयी अनु:- प्रसाद ढापरे
260 _aपुणे
260 _bमिरर पब्लिशिंग
260 _c2014
300 _a139p.
600 _aअन्नपूर्णा
630 _aइंद्रा नूयी अनु:- प्रसाद ढापरे
700 _aअन्नपूर्णा
730 _aइंद्रा नूयी अनु:- प्रसाद ढापरे
942 _cBOOK
999 _c1086376
_d1086373